00701nam a2200145 a 4500041000800000110001100008245013400019260005300153300001100206520025300217650001800470650001900488650002500507662002300532 aspa bFONADE aDiseño e implementación del Sistema de Indicadores de Seguimiento de la Política de Biodiversidad en la Amazonia colombiana aBogotábInstituto Alexander von Humboldtc2002 a569 p. aSe evalúan el cumplimiento de los criterios de simplicidad, validez, disponibilidad, replicabilidad y comparabilidad; y la calidad y de los métodos de obtención de la información. Se formulan algunas recomendaciones de política ambiental. aBiodiversidad aConservación aPolítica ambiental aColombiacAmazonia